Retos y perspectivas de la discriminación laboral por razón de género
Enregistré dans:
| Auteur principal: | |
|---|---|
| Format: | Livre |
| Langue: | espagnol |
| Publié: |
Valencia
Tirant lo Blanch
2017
|
| Collection: | Monografías
|
| Sujets: | |
| Tags: |
Ajouter un tag
Pas de tags, Soyez le premier à ajouter un tag!
|
MARC
| LEADER | 00000cam a2200000 a 4500 | ||
|---|---|---|---|
| 001 | UCC9170 | ||
| 003 | CL-VaPUC | ||
| 008 | 190914e20170000sp |||||||||||||||||spa|d | ||
| 020 | |a 9788491438366 | ||
| 082 | 0 | 4 | |a 342.460878 |b BAL |2 21 |
| 100 | 0 | |a Ballester Pastor, María Amparo |e author |9 604070 | |
| 245 | 1 | 0 | |a Retos y perspectivas de la discriminación laboral por razón de género |
| 300 | |a 244 p | ||
| 942 | |c BK | ||
| 945 | |d 20190914 23:07:00 |a cmena | ||
| 260 | |a Valencia |b Tirant lo Blanch |c 2017 | ||
| 650 | 7 | |a DISCRIMINACION POR GENERO |2 CL-VaPUC |9 475707 | |
| 650 | 0 | |a Discriminación sexual |9 313877 | |
| 650 | 0 | |a Mujeres |9 257649 | |
| 650 | 7 | |a DISCRIMINACION LABORAL |2 CL-VaPUC |9 410817 | |
| 650 | 7 | |a PAISES DE LA UNION EUROPEA |2 CL-VaPUC |9 553442 | |
| 650 | 7 | |a CONTRATACION DE PERSONAL |2 CL-VaPUC |9 558081 | |
| 650 | 7 | |a CONCILIACION LABORAL |2 CL-VaPUC |9 503029 | |
| 650 | 7 | |a PERMISOS Y LICENCIAS |2 CL-VaPUC |9 504852 | |
| 650 | 7 | |a SANCIONES |2 CL-VaPUC |9 371891 | |
| 583 | |a last modification |c 20190914 23:07:00 |k Rodrigo Vera | ||
| 490 | 0 | |a Monografías | |
| 999 | |c 375364 |d 375362 | ||
| 952 | |0 0 |1 0 |3 erb |4 0 |6 342_460878000000000_BAL_2017 |7 0 |8 WP_COW |9 561304 |a BIBDER |b BIBDER |e Fundación W and P Cowley |i 559801K |o 342.460878 BAL 2017 |p 559801K |r 2023-01-25 |w 2020-03-12 |y BK |z Catalogado en:20190914 |k WPC | ||